000 00851nam a2200301 a 4500
003 AR-BaBNM
005 20251128205814.0
008 082120s2002 ||||||||||||||000 | spa||
020 _a972-47-0377-0
040 _cAR-BaBNM
100 1 _aAbrantes, José Carlos
245 0 0 _aOs media e a escola
_bda impresa aos audiovisuais no ensino e na formaçao
250 _a1ª ed.
260 _aLisboa
_bTexto editora
_c1992
300 _a104 p.
490 0 _aEducaçâo hoje
504 _aContiene bibliografía p. 103-104
650 4 _aMEDIOS DE COMUNICACION
650 4 _aMEDIOS DE ENSEÑANZA
650 4 _aTECNICAS DE ENSEÑANZA
650 4 _aENSEÑANZA POR TELEVISION
650 4 _aTELEVISION EDUCATIVA
650 4 _aTRABAJO DE IMPRENTA
650 4 _aBIBLIOTECAS
650 4 _aASISTENCIA CULTURAL
942 _cBK
998 _cRaquel
999 _c12879
_d12879